000 00283nam a22001217a 4500
040 _cSK
082 _a630
100 _aហួត វុត្ថា
245 _aFisheries forestry; ព្រៃលិចទឹក
260 _aRUA
_bហួត
_c2008
300 _a55p.
942 _cKB
999 _c10077
_d10077